000 01137cam a2200325 a 4500
001 4713698
003 Ke-BoTe
005 20220602084357.0
008 830310s1983 nyua 001 0 eng
010 _a 83004112
020 _a0452254590 (pbk.) :
_c$9.95 ($11.95 Can.)
020 _a0801619785 (Mosby : pbk.) :
_c$9.95 ($11.95 Can.)
040 _aDLC
_cDLC
_dDLC
050 0 0 _aRJ61
_b.P33 1983
060 _aWS 100 P3706
082 0 0 _a618.92
_219
245 0 0 _aPediatrics for parents :
_ba guide to child health /
_cH. Winter Griffith ... [et al.].
260 _aNew York, N.Y. :
_bNew American Library ;
_aSt. Louis, Mo. :
_bMosby,
_cc1983.
300 _axi, 292 p. :
_bill. ;
_c24 cm.
440 0 _aMosby medical library
_96487
500 _a"A Plume book."
500 _aIncludes index.
650 0 _aChildren
_xDiseases.
_97393
650 0 _aChildren
_xHealth and hygiene.
_97394
650 0 _aPediatrics
_xPopular works.
_97395
650 2 _aPediatrics
_xPopular works.
_97395
700 1 _aGriffith, H. Winter
_q(Henry Winter),
_d1926-1993.
_97396
906 _a7
_bcbc
_corignew
_d1
_eocip
_f19
_gy-gencatlg
942 _2lcc
_cBK
_n0
999 _c3479
_d3479